Лазерные системы в медицине: учебное пособие для вузов
| Hlavní autor: | |
|---|---|
| Korporativní autor: | |
| Další autoři: | |
| Shrnutí: | Заглавие с титульного экрана Электронная версия печатной публикации Режим доступа: из сети НТБ ТПУ |
| Jazyk: | ruština |
| Vydáno: |
Томск, Изд-во ТПУ, 2003
|
| Edice: | Учебники Томского политехнического университета |
| Témata: | |
| On-line přístup: | http://www.lib.tpu.ru/fulltext3/mv/2007/mv60.pdf |
| Médium: | MixedMaterials Elektronický zdroj Kniha |
| KOHA link: | https://koha.lib.tpu.ru/cgi-bin/koha/opac-detail.pl?biblionumber=114781 |
MARC
| LEADER | 00000nam0a2200000 4500 | ||
|---|---|---|---|
| 001 | 114781 | ||
| 005 | 20231226141219.0 | ||
| 035 | |a (RuTPU)RU\TPU\book\124134 | ||
| 090 | |a 114781 | ||
| 100 | |a 20070426d2003 k y0rusy50 ca | ||
| 101 | 0 | |a rus | |
| 102 | |a RU | ||
| 105 | |a y j 001zy | ||
| 135 | |a vrcn ---uucaa | ||
| 181 | 0 | |a i | |
| 182 | 0 | |a b | |
| 200 | 1 | |a Лазерные системы в медицине |e учебное пособие для вузов |f Г. С. Евтушенко, А. А. Аристов |g Томский политехнический университет | |
| 203 | |a Текст |c электронный | ||
| 210 | |a Томск |c Изд-во ТПУ |d 2003 | ||
| 225 | 1 | |a Учебники Томского политехнического университета | |
| 300 | |a Заглавие с титульного экрана | ||
| 300 | |a Электронная версия печатной публикации | ||
| 333 | |a Режим доступа: из сети НТБ ТПУ | ||
| 337 | |a Adobe Reader | ||
| 452 | 1 | |0 (RuTPU)RU\TPU\book\65776 |y 5-98298-060-9 |t Лазерные системы в медицине |o учебное пособие для вузов |f Г. С. Евтушенко, А. А. Аристов |g Томский политехнический университет |e 2-е изд., доп. |c Томск |n Изд-во ТПУ |d 2003 |p 131 с. |s Учебники Томского политехнического университета |a Евтушенко, Геннадий Сергеевич | |
| 610 | 1 | |a медицина | |
| 610 | 1 | |a лазерные системы | |
| 610 | 1 | |a лазеры | |
| 610 | 1 | |a здоровье | |
| 610 | 1 | |a лазерное излучение | |
| 610 | 1 | |a применение | |
| 610 | 1 | |a терапия | |
| 610 | 1 | |a диагностика лазерная | |
| 610 | 1 | |a биология | |
| 610 | 1 | |a учебные пособия | |
| 610 | 1 | |a труды учёных ТПУ | |
| 610 | 1 | |a электронный ресурс | |
| 675 | |a 615.84(075.8) |v 3 | ||
| 700 | 1 | |a Евтушенко |b Г. С. |c российский специалист в области электрофизики |c профессор Томского политехнического университета, доктор технических наук |f 1947- |g Геннадий Сергеевич |3 (RuTPU)RU\TPU\pers\21960 |9 9279 | |
| 701 | 1 | |a Аристов |b А. А. |c специалист в области электроники |c доцент Томского политехнического университета, кандидат технических наук |f 1972- |g Александр Александрович |3 (RuTPU)RU\TPU\pers\29233 |9 13835 | |
| 712 | 0 | 2 | |a Томский политехнический университет |
| 801 | 1 | |a RU |b 63413507 |c 20070426 |g PSBO | |
| 801 | 2 | |a RU |b 63413507 |c 20151117 |g PSBO | |
| 856 | 4 | |u http://www.lib.tpu.ru/fulltext3/mv/2007/mv60.pdf | |
| 942 | |c BK | ||